| 000 | 00778nam a2200253 i 4500 | ||
|---|---|---|---|
| 001 | 000009722 | ||
| 003 | DO-SdBNP | ||
| 005 | 20260427111656.0 | ||
| 007 | ta | ||
| 008 | 091001s dr a r 001 0 spa d | ||
| 040 |
_aDO-SdBNP _bspa _cBNPHU _erda |
||
| 082 |
_aRD862.44 _bL453m _222 |
||
| 100 | 1 |
_aLebrón Saviñón, Mariane _982582 _d1922-2014 |
|
| 245 | 1 | 0 |
_aMirtha primavera : _bpoema en 4 sueños (comedia) / _cMariano Lebron Saviñón |
| 264 |
_aCiudad Trujillo : _bStella, _cs.f.. |
||
| 300 |
_a72 páginas ; _c23 cm. |
||
| 336 |
_2rdacontent _atexto _btxt |
||
| 337 |
_2rdamedia _asin mediación _bn |
||
| 338 |
_2rdacarrier _avolumen _bnc |
||
| 590 | _aInventariado, 2022 / DG | ||
| 650 | 4 |
_aLiteratura dominicana _923012 _ySiglo XX |
|
| 910 | _aDG | ||
| 942 |
_2ddc _cLBS1 |
||
| 999 |
_c52626 _d52626 |
||